Devine le joueur de foot. (hard) - Statistiques

Statistiques générales
  • Ce quiz a été pris 45 fois
  • Le résultat moyen est 3 sur 15
Statistiques - réponses
Hint Réponse % Correct
🇨🇩 / BU / BRENTFORD Yoane Wissa
42%
🇩🇿 / BU-AG / UNION SG Mohamed El Amine Amoura
39%
🇦🇷 / GARDIEN / GERONE Paulo Gazzaniga
37%
🇬🇭 / DC / CLERMONT FOOT Alidu Seidu
34%
🇲🇱 / MOC / STADE BRESTOIS Kamory Doumbia
34%
🇳🇱 / DC / AJAX (<21 ans) Jorrel Hato
24%
🇨🇭 / BU / BURNLEY Zeki Amdouni
24%
🇬🇷 / BU / AZ ALKMAAR Vangelis Pavlidis
21%
🇺🇸 / DC / CRYSTAL PALACE Chris Richards
18%
🇰🇪 / DC / STADE DE REIMS Joseph Okumu
16%
🇧🇪 / MDC / BAYER LEVERKUSEN Noah Mbamba
11%
🇮🇱 / MOC / RB SALZBURG Oscar Gloukh
11%
🇭🇺 / DC / HOFFENHEIM Attila Szalai
8%
🇧🇪 / BU / PSV Yorbe Vertessen
8%
🇳🇬 / DC / SLAVIA PRAGUE Igoh Ogbu
3%
Aucun quiz correspondant
Distribution des résultats
% des personnes avec chaque résultat
Percentile par nombre de réponses
Votre historique - résultats
Vous n’avez pas pris ce quiz